00489cam a2200157 a 4500040000800000082002600008100003200034245005500066260005200121300002900173650002100202650002900223650002500252650002200277710003200299 cDLC00a577 PAN 1999 C074 Or. a Panos Institute South Asia00aTough terrain :bmedia reports on mountain issues. aKathmandu :bPanos Institute South Asia,c1999. a126 p. :bill. ;c26 cm. 0aMountain ecology 0aEnvironmental protection 0aEcosystem management 0aNatural resources2 aPanos Institute South Asia.